000 01647nam a2200361 i 4500
003 DO-SdBNP
005 20250704100603.0
007 ta
008 250704b2005 dr acg|| |||| 00| 0 spa d
020 _a9789993487791
040 _aDO-SdBNP
_bspa
_cBNPHU
_erda
082 4 _a784.1888
_bV443b 2005
_222
100 1 _aVeloz Maggiolo, Marcio,
_d1936-2021
_eautor
_4aut.
_91104
245 1 3 _aEl bolero :
_bvisiones y perfiles de una pasión dominicana /
_cMarcio Veloz Maggiolo, Pedro Delgado Malagón, José del Castillo.
264 1 _aSanto Domingo :
_bVerizon,
_c2005.
300 _a511 páginas :
_bilustraciones, retratos, música ;
_c28 cm.
336 _atexto
_btxt
_2rdacontent
337 _asin mediación
_bn
_2rdamedia
338 _avolumen
_bnc
_2rdacarrier
490 1 _aColección Cultural Verizon
_v8
504 _aBibliografía : páginas 495
505 0 _aPresentación --
_tEcosistema del bolero dominicano /
_rMarcio Veloz Maggiolo --
_tHitos del bolero dominicano: una visión apasionada /
_rPedro Delgado Malagón --
_tPerfiles del bolero dominicano /
_rJosé del Castillo --
_gBibliografía --
_gFuentes de las fotografías --
_gSobre los autores.
590 _aInventariado, 2025/BT
650 4 _aBolero (música)
_zRepública Dominicana
_xHistoria
_970245
650 4 _aMúsica bailable dominicana
_xHistoria
_970246
650 4 _aMúsica popular
_zRepública Dominicana
_91323
650 4 _aMúsicos dominicanos
_916091
700 1 _aCastillo, Jose del,
_eautor
_4aut.
_92145
700 1 _aDelgado Malagón, Pedro,
_eautor
_4aut.
_910098
710 2 _aCompañia Dominicana de Teléfonos
_970247
910 _aBtavárez
942 _2ddc
_cLBS1
999 _c59428
_d59428